Pipoca Moderna - Statistics

Estatísticas Gerais
  • Esse quiz foi jogado 2 vezes
  • A pontuação média é 21 de 59
Estatísticas das Respostas
% Correto
de
100%
de
100%
de
100%
de
100%
de
100%
de
100%
de
100%
de
100%
de
100%
De
100%
de
100%
E
100%
E
100%
E
100%
E
100%
E
100%
Pipoca
100%
pipoca
100%
além
50%
nada
50%
nada
50%
nada
50%
que
50%
Tudo
50%
ali
0%
amanhã
0%
aqui
0%
Desanoitece
0%
era
0%
era
0%
era
0%
era
0%
era
0%
golpes
0%
0%
mais
0%
mais
0%
mudou
0%
não
0%
não
0%
não
0%
0%
0%
negro
0%
negro
0%
nem
0%
nem
0%
nem
0%
noite
0%
noite
0%
nunca
0%
nunca
0%
pão
0%
parece
0%
parecer
0%
0%
0%
poder
0%
Porém
0%
Nenhum quiz correspondente encontrado
Distribuição das Pontuações
Porcentagem de Pessoas com Cada Pontuação
Percentil de Números Respondidos
Sua Pontuação Histórica
Você não jogou esse quiz